000 00315nam a2200133Ia 4500
008 240624s9999 xx 000 0 und d
041 _aeng
082 _a920 PAT
100 _aPATEL H M
245 _aFIRST FLUSH OF FREEDOM
260 _c2005
_aNew Delhi
_bRupa and Company
300 _a316 : p.
365 _cRS
_b25
999 _c17589
_d17589